Les surnoms de sportifs - Statistiques

Statistiques générales
  • Ce quiz a été pris 689 fois
  • Le résultat moyen est 12 sur 41
Statistiques - réponses
Surnom Sportif % Correct
Air Jordan (basket) Michael Jordan
72%
La Pulga (football) Lionel Messi
63%
L'Eclair/La Foudre (athlétisme) Usain Bolt
63%
Iron Mike (boxe) Mike Tyson
59%
Le Taureau de Manacor/El Matador (tennis) Rafael Nadal
59%
Big Tedd (judo) Teddy Riner
48%
El Pistolero (cyclisme) Alberto Contador
46%
El Pibe de Oro (football) Diego Maradona
42%
La Guêpe (escrime) Laura Flessel
42%
El Fenomeno (football) Ronaldo
38%
Le Cannibale (cyclisme) Eddy Merckx
37%
Le Blaireau (cyclisme) Bernard Hinault
36%
Le Kaiser (football) Franz Beckenbauer
35%
The King (football) Eric Cantona
34%
Le Professeur (auto) Alain Prost
33%
L'Anesthésiste/Attila (rugby) Sébastien Chabal
33%
L'Autobus/L'Homme Montagne (rugby) Jonah Lomu
31%
La Balle de Baltimore (natation) Michael Phelps
31%
The Greatest (boxe) Mohamed Ali
31%
Scarface (football) Franck Ribéry
30%
Le Pirate (cyclisme) Marco Pantani
27%
Thorpedo (natation) Ian Thorpe
26%
La Gazelle (athlétisme) Marie-José Pérec
26%
Le Kid de Las Vegas (tennis) André Agassi
25%
Le Taureau des Asturies (auto) Fernando Alonso
24%
Boom-Boom (tennis) Boris Becker
22%
The Black Destroyer (rugby) Thierry Dusautoir
21%
La Bomba (ski) Alberto Tomba
18%
The Answer (basket) Allen Iverson
16%
Magic (basket) Earvin Johnson
13%
L'Intello (cyclisme) Laurent Fignon
12%
Le Tsar (athlétisme) Serguei Bubka
12%
Casque d'Or (rugby) Jean-Pierre Rives
11%
Herminator (ski) Hermann Maier
10%
Spartacus (cyclisme) Fabian Cancellara
9%
Le Bombardier Marocain (boxe) Marcel Cerdan
9%
L'Anaconda (football) Thierry Henry
8%
Le Goéland (athlétisme) Jonathan Edward
7%
Demolition Man (basket) Dennis Rodman
5%
Raging Bull (boxe) Jake La Motta
5%
The Real Deal (boxe) Evander Holyfield
1%
Aucun quiz correspondant
Distribution des résultats
% des personnes avec chaque résultat
Percentile par nombre de réponses
Votre historique - résultats
Vous n’avez pas pris ce quiz